000 00222nam a22000977a 4500
003 SGT
245 _ainventi impact information security journal
_b2019
260 _bSpringer publisher
_c2019
300 _a400
942 _2ddc
_cBV
999 _c29123
_d29123